01389nam a2200397 i 450000100060000000300090000600500170001500800390003201500170007104000280008804600090011608000120012508000160013710000260015324501430017925000150032226000670033730000370040433600270044133700540046833800270052238000160054938000230056538800140058849000440060250400120064665800310065865800370068965000160072665100110074265000100075370000330076371000530079683000440084985600980089325608KOSZ 00520200417142943.0071105s1968 pl a f 001 0 pol aPB 1968/9700 aWA NcWA NdKOSZ 005/RW k1968 a69(438) a351.82(438)1 aWaluk, Antoni.eAutor10aMiejscowe planowanie przestrzenne :bteksty i komentarze : wg stanu prawnego na dzień 15 IV 1968 r./cAntoni Waluk, Jerzy Wojciechowski. aWydanie 2. aWarszawa :bCentralny Ośrodek Informacji Budownictwa,c1971. a304 strony :bilustracjec24 cm. aTekstbtxt2rdacontent aBez urządzenia pośredniczącegobn2rdamedia aWoluminbn2rdacarrier aKsiążki aPublikacje fachowe a1901-20001 aZbiór przepisów budownictwavt. 12. aIndeks. aArchitektura i budownictwo aPrawo i wymiar sprawiedliwości 4aBudownictwo 4aPolska 4aPrawo1 aWojciechowski, Jerzy.eAutor2 aCentralny Ośrodek Informacji Budownictwa4pbl. 0aZbiór przepisów budownictwavt. 12. uhttp://koha.tu.koszalin.pl/cgi-bin/koha/opac-detail.pl?biblionumber=25608yKatalog online BPK